Bakü - Ceyhan kültür hattı/ (Record no. 14066)
| 000 -BAŞLIK | |
|---|---|
| Sabit Uzunluktaki Kontrol Alanı | 01233nam a22003497a 4500 |
| 001 - KONTROL NUMARASI | |
| Control Dosyası | 0014103 |
| 003 - KONTROL NUMARASI KİMLİĞİ | |
| Kontrol Alanı | KOHA_MİRAKIL |
| 005 - EN SON İŞLEM TARİHİ ve ZAMANI | |
| Kontrol Alanı | 20260207001943.0 |
| 007 - FİZİKSEL TANIM SABİT ALAN - GENEL BİLGİ | |
| Sabit uzunluklu kontrol alanı | ta |
| 008 - SABİT UZUNLUKTAKİ VERİ ÖGELERİ - GENEL BİLGİ | |
| Sabit Alan | 100224b2000 tu |||gr||||#||||0|tur | |
| 020 ## - ISBN - ULUSLARARASI STANDART KİTAP NUMARASI | |
| Isbn | 9756693037 |
| 040 ## - KATALOGLAMA KAYNAĞI | |
| Özgün Kataloglama Kurumu | TR-BiSEU |
| Kataloglama Dili | tur |
| Çeviri Kurumu | TR-BiSEU |
| Açıklama Kuralları | rda |
| 041 0# - DİL KODU | |
| Metin ya da ses kaydının dil kodu | tur |
| 044 ## - YAYINLAYAN/ÜRETEN KURULUŞUN ÜLKE KODU | |
| ISO country code | tu |
| 050 ## - SINIFLAMA ve YER NUMARASI | |
| Sınıflama Numarası | GR278 |
| Yer Numarası | .K35 2000 |
| 100 1# - KİŞİ ADI | |
| Yazar Adı (Kişi adı) | Kalafat, Yaşar. |
| 245 1# - ESER ADI BİLDİRİMİ | |
| Başlık | Bakü - Ceyhan kültür hattı/ |
| Sorumluluk Bildirimi | Yaşar Kalafat ; Yaşar Kalafat. |
| 264 #1 - ÜRERİM, YAYIN, DAĞITIM ve TELİF BİLDİRİMİ | |
| Yayın yeri | Ankara : |
| Yayınlayan | Avrasya Stratejik Araştırmalar Merkezi Yayınları |
| Yayın tarihi | 2000 |
| 300 ## - FİZİKSEL TANIMLAMA | |
| Sayfa, Cilt vb. | x, 166 sayfa; 20 cm. |
| 336 ## - İÇERİK TÜRÜ | |
| Content type term | metin |
| Content type code | txt |
| Source | rdacontent |
| 337 ## - MEDYA TÜRÜ | |
| Media type term | aracısız |
| Media type code | n |
| Source | rdamedia |
| 338 ## - TAŞIYICI TÜRÜ | |
| Carrier type term | cilt |
| Carrier type code | nc |
| Source | rdacarrier |
| 490 1# - DİZİ BİLDİRİMİ | |
| Dizi Bildirimi | Avrasya -Bir Vakfı Asam yayınları ; |
| Cilt Numarası | 5. |
| 490 1# - DİZİ BİLDİRİMİ | |
| Dizi Bildirimi | Türkistan Araştırmaları dizisi ; |
| Cilt Numarası | 1. |
| 650 #0 - KONU BAŞLIĞI EK GİRİŞ - KONU TERİMİ | |
| Konusal terim veya coğrafi ad | Bakü (Azerbaycan)--Sosyal yaşam ve gelenekler. |
| 9 (RLIN) | 33030 |
| 650 #0 - KONU BAŞLIĞI EK GİRİŞ - KONU TERİMİ | |
| Konusal terim veya coğrafi ad | Gürcistan--Sosyal yaşam ve gelenekler. |
| 9 (RLIN) | 33031 |
| 650 #0 - KONU BAŞLIĞI EK GİRİŞ - KONU TERİMİ | |
| Konusal terim veya coğrafi ad | Baku (Azerbaijan)--Social life and customs. |
| 9 (RLIN) | 33032 |
| 650 #0 - KONU BAŞLIĞI EK GİRİŞ - KONU TERİMİ | |
| Konusal terim veya coğrafi ad | Georgia--Social life and customs. |
| 9 (RLIN) | 33033 |
| 830 1# - SERİ EK GİRİŞİ - TEKBİÇİM ESER ADI | |
| Tekbiçim Başlık | Avrasya -Bir Vakfı Asam yayınları ; |
| Volume number/sequential designation | 5. |
| 9 (RLIN) | 33034 |
| 830 1# - SERİ EK GİRİŞİ - TEKBİÇİM ESER ADI | |
| Tekbiçim Başlık | Türkistan Araştırmaları dizisi ; |
| Volume number/sequential designation | 1. |
| 9 (RLIN) | 32760 |
| 942 ## - EK GİRİŞ ÖGELERİ (KOHA) | |
| Source of classification or shelving scheme | Library of Congress Classification |
| Koha item type | Book |
| Materyal Türü | Kalıcı Konum | Mevcut Konum | Raf Yeri | Sınıflandırma Kaynağı | Edinim Bilgisi | Ana Konular | Alt Konular | Yer Numarası | Demirbaş Numarası | Fatura Tarihi | Geri Çekilme Durumu | Kayıp Durumu | Hasarlı Durumu | Kredi için değil | Kayıt Tarih | Toplam Ödünçverme | Son Görülme Tarihi | Son Kontrol Tarihi | Genel / Bağış Notu |
|---|---|---|---|---|---|---|---|---|---|---|---|---|---|---|---|---|---|---|---|
| Book | Prof. Dr. Azmi Özcan Kütüphanesi | Prof. Dr. Azmi Özcan Kütüphanesi | Uluğbey Salonu | Library of Congress Classification | Bağış | COĞRAFYA, ANTROPOLOJİ, REKREASYON | Folklor | GR278 .K35 2000 | 0014103 | 02/02/2026 | 24/02/2010 | 1 | 05/12/2024 | 05/12/2024 | Genel Bağış |
